Detalles MARC
| 000 -LIDER |
| fixed length control field |
00928nam a22003377a 4500 |
| 001 - NÚMERO DE CONTROL |
| Identificador de número de control |
0011813 |
| 003 - IDENTIFICACDOR DE NÚMERO DE CONTROL |
| control field |
DO-SdBNP |
| 005 - DATE AND TIME OF LATEST TRANSACTION |
| control field |
20180213152803.0 |
| 007 - CAMPOS FIJOS DE DESCRIPCIÓN FÍSICA |
| fixed length control field |
0011813 |
| 008 - ELEMENTOS DE LONGITUD FIJA |
| fixed length control field |
161123b 1993 sp a 00| 0 spa d |
| 016 7# - NO. DE CONTROL DE LA AGENCIA BIB. NACIONAL |
| Record control number |
|
| 017 ## - NÚMERO DE REGISTRO DE DERECHOS DE AUTOR |
| Copyright or legal deposit number |
|
| Assigning agency |
|
| 020 ## - ISBN |
| International Standard Book Number |
8434808633 |
| 035 ## - NÚMERO LOCAL |
| System control number |
|
| 040 ## - FUENTE DE CATALOGACIÓN |
| Agencia que crea de manera original el registro |
BPMSU |
| Idioma de catalogación |
spa |
| Agencia que realiza la transcripción |
BPMSU |
| Convenciones de la despripción |
|
| 080 ## - NÚMERO DE CLASIFICACIÓN DECIMAL UNIVERSAL |
| Universal Decimal Classification number |
|
| 082 ## - NÚMERO DE CLASIFICACIÓN DECIMAL DE DEWEY |
| Classification number |
xxxxxxxx |
| Item number |
xxxxxxxx |
| 100 1# - ASIENTO PRINCIPAL -- NOMBRE PERSONAL |
| Nombre personal |
Muñoz Martín, Juan |
| 245 10 - MENCIÓN DE TITULO |
| Título |
Fray Perico y su borrico / |
| Mención de responsabilidad |
Juan Muñoz Martín ; ilustraciones y cubierta, Antonio Tello |
| Medio (Designación general de material) |
|
| 250 ## - MENCIÓN DE EDICION |
| Mención de edición |
20a ed. |
| 260 ## - PUBLICACIÓN, DISTRIBUCIÓN, ETC. (PIE DE IMPRENTA) |
| Lugar de publicación, distribución, etc |
Madrid : |
| Nombre del editor, distribuidor, etc. |
SM, |
| Fecha de publicación, distribución, etc |
1993. |
| 300 ## - DESCRIPCIÓN FÍSICA |
| Extensión |
124 p. : |
| Otros detalles físicos |
il., |
| Dimensiones |
19 cm. |
| 490 0# - MENCIÓN DE SERIES |
| Mención de serie |
El barco de vapor. |
| Volume/sequential designation |
3 |
| 586 ## - AWARDS NOTE |
| Awards note |
Premio El barco de vapor |
| 700 1# - ASIENTO SECUNDARIO -- NOMBRE PERSONAL |
| Nombre personal |
Tello, Antonio, |
| Mención de responsabilidad |
il. |
| 830 ## - ASIENTO SECUNDARIO DE SERIE--TÍTULO UNIFORME |
| Título uniforme |
El barco de vapor. |
| 942 ## - ADDED ENTRY ELEMENTS (KOHA) |
| Source of classification or shelving scheme |
Dewey Decimal Classification |
| Koha item type |
Libros |
| 945 ## - INFORMACIÓN DE PROCESAMIENTO LOCAL |
| Información de procesamiento local |
Inventariado, 2018 / YL |
| 956 ## - LOCAL ELECTRONIC LOCATION AND ACCESS (OCLC) |
| Nombre de host |
VMATEO |
| Método de acceso |
10 |
| Materiales especificados |
20151130 |
| Enlace |
BPSMU |
| Campo enlazado y núm. de secuencia |
00151 |
| 956 ## - LOCAL ELECTRONIC LOCATION AND ACCESS (OCLC) |
| Nombre de host |
BTAVÁREZ |
| Método de acceso |
10 |
| Materiales especificados |
20161123 |
| Enlace |
0011813 |